1615 1313 1618 1540 1125 1055 1250 1073 1900 1976 1644 1951 1003 1339 1792 1588 1818 1116 1094 1885 1905 1771 1539 1706 1401 1977 1909 1426 1969 1958 1700 1167 1446 1953 1940 1761 1776 1000 1375 1754 1388 1822 1657 1209 1012 1385 1712 1228 1836 1699 1017 1621 1992 1108 1327 1143 1591 1012 1212 1874 1388 1936 1812 1258 1345 1423 1417 1155 1666 1776 1125 1709 1885 1965 1944 1321 1097 1432 1421 1556 1647 1128 1024 1473 1548 1683 1168 1389 1113 1149 1192 1389 1728 1198 1510 1915 1735 1221 1326 BCNSPRNW ULIB Ver.6.0+V

เปลี่ยนเป็นภาษาไทย

Change to English
 แสดงรายละเอียดบรรณานุกรม
  กลับหน้าหลัก

Brief Record : Get Marc (ISO 2709) : E-mail record : QR code < ปิดหน้าต่าง
LEADER : 00000nam 2200000uu 4500
001    13399121505
003     ULIB
008    121121s2549||||th 000 0 tha d
020    ^a974946401X
050 04 ^aรส. ^bศ485ข
100 0   ^aศิริวร แก้วกาญจน์.
245 1   ^aข่าวการหายไปของอาริญาและเรื่องราวอื่น ๆ / ^cศิริวร แก้วกาญจน์
250    ^aพิมพ์ครั้งแรก
260    ^aกรุงเทพฯ : ^bผจญภัย, ^c2549.
300    ^a199 หน้า.
650  7 ^aเรื่องสั้น ^xรวมเรื่อง.
945    ^p155^l0^i15368
995    ^a วิภา
999    ^aวิภา
รายการนี้ยังไม่มีแท็ก
คุณยังไม่ได้ล็อกอิน คุณสามารถมีกิจกรรมร่วมกับเว็บไซต์ได้ แต่ต้องล็อกอินก่อน ::
  ล็อกอิน

รายการสื่อสารสนเทศ

ลำดับที่ ประเภท เลขเรียก/บาร์โค้ด สถานที่ สถานะ
1. วิทยาศาสตร์การแพทย์ และสุขภาพ
วิทยาศาสตร์การแพทย์ และสุขภาพ
รส. ศ485ข  
  Barcode: 15368
ห้องสมุดวิทยาเขตสวรรค์ประชารักษ์
►นวนิยาย
บนชั้น
  ขอยืม

BibComment


ยังไม่เคยถูกคอมเมนท์

คอมเมนท์ทรัพยากรรายการนี้
  คอมเมนท์: ข่าวการหายไปของ..


 Copyright 2026. Bcnsprnw @Library